000 01961cam a22005174i 4500
003 PE-LiUPU
005 20250731184538.0
008 150623s r 000 0 d
020 _a9505735278
035 _a(Sirsi) i9789505735273
040 _aPE-LiUPU
_bspa
_cPE-LiUPU
_erda
049 _aPRUA
082 0 4 _a922.6
_bD711995
_221
100 1 _aDick, Everett,
_eautor.
245 1 0 _aFundadores del mensaje /
_cEverett Dick.
264 1 _aBuenos Aires :
_bAsociación Casa Editora Sudamericana,
_c1995.
300 _a222 páginas ;
_c20 centímetros
336 _atext
_2rdacontent
337 _aunmediated
_2rdamedia
338 _avolume
_2rdacarrier
504 _aIncluye bibliografía.
505 0 _aGuillermo miller. -Josué V. Himes. -José Bates. -Jaime White. -Elena G. de White. -Juan N. Loughborough. -Juan Nevins Andrews.
526 _aP136
526 _aP135
526 _aP134
526 _aP133
526 _aP144
526 _aP143
526 _aP87
526 _aP35
526 _aP20
526 _aP14
526 _aP10
526 _aP06
600 1 _aIASD
_xPioneros
650 0 4 _aPioneros (IASD)
_vBiografías.
942 _2ddc
_cBOOK
949 _a922.6 D71 1995
_wDEWEY
_c1
_i48949
_lCCODEBUL1
_mBUL
_r0
_sY
_tBOOK
_u2015-6-24
_xEDUCACION
_PP35
_0COMPRA
_o.STAFF. Colección General
949 _a922.6 D71 1995
_wDEWEY
_c2
_i48573
_lCCODEBUL1
_mBUL
_r0
_sY
_tBOOK
_u2015-6-24
_xEDUCACION
_PP35
_0COMPRA
_o.STAFF. Colección General
994 _aC0
_bPEPRU
596 _a1
999 _a922.6 D71 1995
_wDEWEY
_c27746
_i48949
_f2019-12-26
_g4
_lDISCARD
_mBUL
_r1
_sY
_tBOOK
_u2015-6-24
_xUNKNOWN
_PP35
_0COMPRA
_o.STAFF. Colección General
_d27746
999 _a922.6 D71 1995
_wDEWEY
_c2
_i48573
_d2019-6-17
_e2019-6-11
_f2021-11-12
_g5
_lCCODEBUL1
_mBUL
_n1
_q1
_r0
_sY
_tBOOK
_u2015-6-24
_xTEOLOGIA
_PP35
_0COMPRA
_o.STAFF. Colección General
980 _81
_gALBERTO SANCHEZ Responsable de Automatización